000
00315nam a2200109Ia 4500
008
200302s9999 xx 000 0 und d
100
_a
Christina Augustesen,
245
_a
Lighting Design Principles Implemintation Case Studies
260
_b
Birkhauser-Publishers for Architecture
260
_c
2006
300
_a
112 P.,
999
_c
5029
_d
5029